000 01098cam a2200133 4500500
005 20251228142253.0
041 _afre
042 _adc
100 1 0 _aEneau, Jérôme
_eauthor
245 0 0 _aLa part d'autrui dans la formation de soi : Autonomie, Autoformation et Réciprocité en Contexte Organisationnel
260 _bL'Harmattan,
_c2005.
520 _aLes travaux sur la réciprocité permettent d’examiner une voie alternative d’une construction de l’autonomie «par et avec les autres«. Cette autonomisation construite dans l’interdépendance répond alors à une logique d’autoformation, individuelle et collective à la fois, qui privilégie l’échange et la coopération, au détriment de toute forme d’individualisme. La notion de réciprocité offre ainsi un moyen original de penser l’autoformation ; en visant l’autonomie de tous, elle permet notamment d’intégrer l’objectif d’un apprentissage organisationnel.
856 4 1 _uhttps://shs.cairn.info/la-part-dautrui-dans-la-formation-de-soi--9782747582865?lang=fr&redirect-ssocas=7080
999 _c1608110
_d1608110